[Event "Titled Tuesday intern Qual1 4th April"]
[Site "Chess.com INT"]
[Date "2017.04.04"]
[Round "2"]
[White "Girones Barrios, Yans Richard"]
[Black "Abdi, Farzad"]
[Result "1-0"]
[WhiteElo "2421"]
[BlackElo "2127"]
[PlyCount "201"]
[EventDate "2017.04.04"]
[EventType "swiss (blitz)"]
[EventRounds "10"]
[EventCountry "USA"]
[SourceTitle "EXT 2021"]
[Source "ChessBase"]
[SourceDate "2020.10.23"]
[SourceVersion "1"]
[SourceVersionDate "2020.10.23"]
[SourceQuality "1"]

1. d4 Nf6 2. c4 g6 3. Nc3 d5 4. cxd5 Nxd5 5. e4 Nxc3 6. bxc3 Bg7 7. Be3 0-0 8. Rc1 c5 9. Qd2 Qa5 10. Nf3 cxd4 11. cxd4 Qxd2+ 12. Bxd2 Bg4 13. d5 e6 14. Bb4 Rd8 15. Be7 Re8 16. d6 Nc6 17. Bb5 Nxe7 18. Bxe8 Rxe8 19. dxe7 Rxe7 20. Rc8+ Bf8 21. Ke2 e5 22. Ra8 Rc7 23. Rd1 Kg7 24. h3 Bxf3+ 25. Kxf3 Bc5 26. Rc1 b6 27. Rd8 a5 28. a4 h5 29. g4 hxg4+ 30. Kxg4 Kf6 31. Rc3 Ke7 32. Rd5 Ke6 33. Kf3 Rc8 34. Rd1 Rh8 35. Kg3 Rh5 36. h4 f5 37. exf5+ gxf5 38. f3 Rh8 39. Rcd3 Rg8+ 40. Kh3 Bd4 41. f4 Rg4 42. fxe5 Bxe5 43. Rb1 Bd4 44. Re1+ Kf6 45. Rf1 Bc5 46. Rd5 Rxa4 47. Rfxf5+ Ke6 48. Rfe5+ Kf6 49. h5 Ra3+ 50. Kg4 Ra4+ 51. Kf3 Ra3+ 52. Ke2 Ra2+ 53. Kd3 Rh2 54. Rf5+ Ke6 55. Rfe5+ Kf6 56. Rg5 Ke6 57. Rde5+ Kd6 58. Ref5 Kc6 59. Rg6+ Kb5 60. h6 a4 61. Rf7 a3 62. Ra7 a2 63. Kc3 Rh3+ 64. Kb2 Rh2+ 65. Kb3 Be3 66. Rxa2 Rxh6 67. Rxh6 Bxh6 68. Rh2 Be3 69. Rh5+ Bc5 70. Kc3 Kc6 71. Kc4 b5+ 72. Kd3 Kb6 73. Rh6+ Ka5 74. Kc3 Bb4+ 75. Kb3 Bc5 76. Rc6 Bb6 77. Rc8 Bf2 78. Ra8+ Kb6 79. Rf8 Bc5 80. Rf5 Bd4 81. Kb4 Kc6 82. Rxb5 Bb6 83. Rh5 Bd4 84. Kc4 Be3 85. Re5 Bf4 86. Re6+ Bd6 87. Kd4 Kd7 88. Kd5 Be7 89. Ra6 Kc7 90. Ra7+ Kd8 91. Ke6 Bc5 92. Ra5 Bb6 93. Ra3 Kc7 94. Rc3+ Kb7 95. Kd7 Ka6 96. Rb3 Be3 97. Kc6 Bc1 98. Rb1 Bd2 99. Ra1+ Ba5 100. Ra2 Ka7 101. Rxa5+ 1-0

[Event "Titled Tuesday intern Qual1 4th April"]
[Site "Chess.com INT"]
[Date "2017.04.04"]
[Round "4"]
[White "Tomashevsky, Evgeny"]
[Black "Girones Barrios, Yans Richard"]
[Result "1-0"]
[WhiteElo "2701"]
[BlackElo "2421"]
[PlyCount "56"]
[EventDate "2017.04.04"]
[EventType "swiss (blitz)"]
[EventRounds "10"]
[EventCountry "USA"]
[SourceTitle "EXT 2021"]
[Source "ChessBase"]
[SourceDate "2020.10.23"]
[SourceVersion "1"]
[SourceVersionDate "2020.10.23"]
[SourceQuality "1"]

1. Nf3 Nf6 2. g3 d5 3. Bg2 c5 4. c4 d4 5. b4 cxb4 6. a3 bxa3 7. 0-0 Nc6 8. d3 e5 9. Qa4 Bd7 10. Bxa3 Bxa3 11. Qxa3 Qe7 12. Nbd2 Qxa3 13. Rxa3 Ke7 14. Rfa1 Rhc8 15. Ne1 a6 16. Nc2 Rab8 17. f4 exf4 18. gxf4 Nh5 19. Rf1 Rd8 20. Nb3 g6 21. Ncxd4 Nxd4 22. Nxd4 Be8 23. e3 Nf6 24. Kf2 Ng4+ 25. Ke2 Nxh2 26. Rh1 Ng4 27. Rxh7 Kf6 28. Bf3 Rd7 1-0

[Event "Capablanca Memorial op 50th"]
[Site "Havana"]
[Date "2015.06.18"]
[Round "4"]
[White "Girones Barrios, Yans Richard"]
[Black "Tovio, Israel"]
[Result "1-0"]
[WhiteElo "2390"]
[BlackElo "2301"]
[PlyCount "51"]
[EventDate "2015.06.15"]
[EventType "swiss"]
[EventRounds "10"]
[EventCountry "CUB"]
[SourceTitle "EXT 2016"]
[Source "ChessBase"]
[SourceDate "2015.10.08"]
[SourceVersion "1"]
[SourceVersionDate "2015.10.08"]
[SourceQuality "1"]

1. d4 d5 2. c4 e6 3. Nc3 Be7 4. cxd5 exd5 5. Bf4 Nf6 6. e3 0-0 7. Bd3 c5 8. Nge2 Nc6 9. dxc5 Bxc5 10. 0-0 Be6 11. Rc1 Rc8 12. Nb5 Qb6 13. Bc7 Rxc7 14. Nxc7 Bxe3 15. Nxe6 Bxf2+ 16. Rxf2 fxe6 17. Qb3 Nb4 18. Kf1 Nxd3 19. Qxd3 Qxb2 20. Kg1 Re8 21. Rb1 Qxa2 22. Rxf6 gxf6 23. Rxb7 Qa1+ 24. Kf2 f5 25. Qg3+ Kf8 26. Qd6+ 1-0

[Event "Capablanca Memorial op 50th"]
[Site "Havana"]
[Date "2015.06.16"]
[Round "2"]
[White "Girones Barrios, Yans Richard"]
[Black "Gretarsson, Hjorvar Steinn"]
[Result "0-1"]
[WhiteElo "2390"]
[BlackElo "2571"]
[PlyCount "98"]
[EventDate "2015.06.15"]
[EventType "swiss"]
[EventRounds "10"]
[EventCountry "CUB"]
[SourceTitle "EXT 2016"]
[Source "ChessBase"]
[SourceDate "2015.10.08"]
[SourceVersion "1"]
[SourceVersionDate "2015.10.08"]
[SourceQuality "1"]

1. d4 Nf6 2. c4 b6 3. Nf3 Bb7 4. g3 e6 5. Bg2 Be7 6. 0-0 0-0 7. Nc3 Ne4 8. Nxe4 Bxe4 9. Ne1 Bxg2 10. Nxg2 f5 11. d5 Bf6 12. e4 fxe4 13. dxe6 dxe6 14. Qg4 Qd7 15. Qxe4 Qc6 16. Qe2 Nd7 17. Ne3 Ne5 18. f4 Nd7 19. Ng4 Rae8 20. Nxf6+ Nxf6 21. Re1 h5 22. b3 e5 23. Qg2 Qd6 24. Kh1 Ng4 25. h3 Qd4 26. Qd5+ Qxd5+ 27. cxd5 Nf2+ 28. Kg2 Nd3 29. Re3 e4 30. Ba3 Rf5 31. d6 cxd6 32. Bxd6 Kf7 33. Rf1 Rd8 34. Bc7 Rc8 35. Bd6 Rf6 36. Be5 Rc2+ 37. Kg1 Rfc6 38. Rxe4 Rxa2 39. Rc4 Rxc4 40. bxc4 Nxe5 41. fxe5+ Ke6 42. Rd1 Kxe5 43. Rd5+ Ke6 44. Rxh5 Rc2 45. Rg5 Kf6 46. Rg4 a5 47. Rf4+ Kg6 48. Rd4 a4 49. Rd3 Kf5 0-1

[Event "Capablanca Memorial op-A 48th"]
[Site "Havana"]
[Date "2013.04.23"]
[Round "3"]
[White "Girones Barrios, Yans Richard"]
[Black "Kristiansen, Jens"]
[Result "1/2-1/2"]
[WhiteElo "2312"]
[BlackElo "2433"]
[PlyCount "91"]
[EventDate "2013.04.21"]
[EventType "swiss"]
[EventRounds "10"]
[EventCountry "CUB"]
[SourceTitle "CBM 154 Extra"]
[Source "ChessBase"]
[SourceDate "2013.06.25"]
[SourceVersion "2"]
[SourceVersionDate "2013.06.25"]
[SourceQuality "1"]

1. d4 f5 2. Bg5 g6 3. Nd2 Bg7 4. e4 fxe4 5. Nxe4 d5 6. Nc5 b6 7. Nb3 Nh6 8. Nf3 Nf7 9. Bf4 0-0 10. Be2 c5 11. c3 e5 12. Bxe5 Nxe5 13. Nxe5 Bxe5 14. dxe5 Nc6 15. 0-0 Nxe5 16. f4 Nc4 17. Bxc4 dxc4 18. Qf3 Bf5 19. Rad1 Qf6 20. Nc1 Kg7 21. Rfe1 Rae8 22. h3 Bc2 23. Rd7+ Kh8 24. Re2 Ba4 25. Rxa7 Bc6 26. Qf2 Be4 27. Rd7 g5 28. f5 Qc6 29. Rd1 Rxf5 30. Qg3 Ref8 31. Rde1 Bd5 32. Re5 h6 33. Rxf5 Rxf5 34. Re5 Rf7 35. Ne2 Kh7 36. Re3 Be4 37. Qg4 Bd3 38. Qe6 Qxe6 39. Rxe6 b5 40. Ng3 b4 41. Ne4 Rf1+ 42. Kh2 Rb1 43. Nxc5 Rxb2 44. Nxd3 cxd3 45. cxb4 Rxb4 46. Rd6 1/2-1/2

[Event "CUB-ch U18"]
[Site "San Nicolas de Bari"]
[Date "2012.04.19"]
[Round "9"]
[White "Gomez Sanchez, Jorge Marcos"]
[Black "Girones Barrios, Yans Richard"]
[Result "1/2-1/2"]
[WhiteElo "2048"]
[BlackElo "2310"]
[PlyCount "106"]
[EventDate "2012.04.15"]
[EventType "swiss"]
[EventRounds "9"]
[EventCountry "CUB"]
[SourceTitle "CBM 148 Extra"]
[Source "ChessBase"]
[SourceDate "2012.06.22"]
[SourceVersion "1"]
[SourceVersionDate "2012.06.22"]
[SourceQuality "1"]

1. Nf3 Nf6 2. g3 d5 3. Bg2 c5 4. 0-0 Nc6 5. d4 e6 6. c4 dxc4 7. Qa4 Bd7 8. Qxc4 cxd4 9. Nxd4 Rc8 10. Nc3 Nxd4 11. Qxd4 Bc5 12. Qh4 0-0 13. Bxb7 Rb8 14. Bg2 Rb4 15. Qg5 Qb6 16. a3 h6 17. Qd2 Rb3 18. Ne4 Nxe4 19. Bxe4 Rd8 20. Bc2 Bc8 21. Qf4 Rd4 22. e4 Rb5 23. Be3 Rd8 24. b4 Bxe3 25. Qxe3 Qxe3 26. fxe3 Rd2 27. Rac1 Bb7 28. Rfd1 Rxd1+ 29. Rxd1 Kf8 30. Ba4 Rb6 31. e5 Bc6 32. Bxc6 Rxc6 33. Rd7 Ra6 34. Rd3 Rb6 35. Rc3 g6 36. Rc8+ Kg7 37. Kf2 a5 38. Rc4 axb4 39. axb4 Rb5 40. Re4 Rd5 41. h4 h5 42. Kf3 Rd1 43. Rc4 Rb1 44. Ke4 g5 45. hxg5 Rg1 46. Kf3 Kg6 47. Rf4 Rb1 48. Kf2 Kxg5 49. Rxf7 Rxb4 50. Rg7+ Kf5 51. Rh7 Kg6 52. Re7 Kf5 53. Rh7 Kg6 1/2-1/2

[Event "CUB-ch U18"]
[Site "San Nicolas de Bari"]
[Date "2012.04.18"]
[Round "8"]
[White "Girones Barrios, Yans Richard"]
[Black "Lopez Gonzalez, Abel Fabian"]
[Result "1/2-1/2"]
[WhiteElo "2310"]
[BlackElo "2143"]
[PlyCount "74"]
[EventDate "2012.04.15"]
[EventType "swiss"]
[EventRounds "9"]
[EventCountry "CUB"]
[SourceTitle "CBM 148 Extra"]
[Source "ChessBase"]
[SourceDate "2012.06.22"]
[SourceVersion "1"]
[SourceVersionDate "2012.06.22"]
[SourceQuality "1"]

1. c4 Nf6 2. Nc3 g6 3. g3 Bg7 4. Bg2 d6 5. e3 0-0 6. Nge2 Nbd7 7. 0-0 e5 8. d4 Re8 9. b3 e4 10. Qc2 Qe7 11. Ba3 c6 12. h3 h5 13. Rae1 Nf8 14. Kh2 Bf5 15. Ng1 N8h7 16. Qe2 Ng5 17. f4 exf3 18. Nxf3 Nge4 19. Nxe4 Nxe4 20. Nh4 Nxg3 21. Kxg3 Qg5+ 22. Kh2 Qxh4 23. Bxd6 Qd8 24. Bf4 Bxd4 25. Qf2 Be5 26. e4 Bxf4+ 27. Qxf4 Be6 28. e5 Qd7 29. Re3 Bf5 30. Rf2 Re7 31. Bf3 Rd8 32. Bxh5 Qd4 33. Qxd4 Rxd4 34. Bf3 Rd8 35. Re1 Rd3 36. Bg4 Be6 37. Kg2 Kg7 1/2-1/2

[Event "CUB-ch U18"]
[Site "San Nicolas de Bari"]
[Date "2012.04.16"]
[Round "4"]
[White "Ochoa de la Rosa, Manuel Dario"]
[Black "Girones Barrios, Yans Richard"]
[Result "1/2-1/2"]
[WhiteElo "2216"]
[BlackElo "2310"]
[PlyCount "43"]
[EventDate "2012.04.15"]
[EventType "swiss"]
[EventRounds "9"]
[EventCountry "CUB"]
[SourceTitle "CBM 148 Extra"]
[Source "ChessBase"]
[SourceDate "2012.06.22"]
[SourceVersion "1"]
[SourceVersionDate "2012.06.22"]
[SourceQuality "1"]

1. Nf3 Nf6 2. g3 d5 3. Bg2 e6 4. 0-0 c5 5. d4 Nc6 6. c4 dxc4 7. Ne5 Bd7 8. Na3 cxd4 9. Naxc4 Bc5 10. Qb3 0-0 11. Qxb7 Nxe5 12. Nxe5 Rb8 13. Qf3 Nd5 14. Nxd7 Qxd7 15. Rd1 Rfd8 16. Qd3 Qb5 17. Be4 Qxd3 18. Bxd3 Rb6 19. a3 Be7 20. Rd2 Rc6 21. Rc2 Rxc2 22. Bxc2 1/2-1/2